000 00614nam a2200181Ia 4500
008 100920s9999 xx 000 0 und d
082 _b96666
_a891.463.1 न 06
100 _aसंपा: ओक सुनेत्रा.
245 _aकथायोगिनी भाग - 1.
260 _bअक्षता प्रकाशन,पुणे.
_c2006
300 _a236
_bसाधी
365 _b230
520 _aलघुकथा.
630 _aकथायोगिनी भाग - 1.
650 _aलघुकथा.
730 _aकथायोगिनी भाग - 1.
942 _cBOOK
999 _c737105
_d737102